[Event "POL-chT 2nd League"]
[Site "Jastrzebia Gora"]
[Date "2023.09.08"]
[Round "7.11"]
[White "Powalka, Michal"]
[Black "Owoc, Jakub"]
[Result "0-1"]
[WhiteElo "1943"]
[BlackElo "1915"]
[PlyCount "74"]
[EventDate "2023.09.02"]
[EventType "team-swiss"]
[EventRounds "9"]
[EventCountry "POL"]
[SourceTitle "EXT 2024"]
[Source "ChessBase"]
[SourceDate "2023.10.10"]
[SourceVersion "1"]
[SourceVersionDate "2023.10.10"]
[SourceQuality "1"]
[WhiteTeam "Bialoleka Sparta"]
[BlackTeam "Krakow KKSz"]
[WhiteTeamCountry "POL"]
[BlackTeamCountry "POL"]

1. e4 c6 2. Nc3 d5 3. Nf3 Bg4 4. h3 Bxf3 5. Qxf3 e6 6. d3 Nd7 7. Bd2 Qb6 8. Rb1 Bd6 9. Qg4 g6 10. Be2 0-0-0 11. exd5 f5 12. Qa4 exd5 13. d4 Ngf6 14. 0-0 Rde8 15. Bd3 a6 16. Ne2 Re7 17. c4 dxc4 18. Bxc4 Rhe8 19. Ba5 Qa7 20. Qd1 Nb6 21. Bxb6 Qxb6 22. Nc3 Ne4 23. Qd3 Bf4 24. Ne2 Bb8 25. g3 Ng5 26. Nf4 Re4 27. d5 Rd4 28. Qc3 Bxf4 29. gxf4 Rxf4 30. Qg3 Nxh3+ 31. Qxh3 Rxc4 32. dxc6 Rg4+ 33. Kh1 Ree4 34. cxb7+ Qxb7 35. Rbc1+ Kb8 36. Qh2+ Ref4+ 37. f3 Rh4 0-1

[Event "EU-ch Blitz"]
[Site "Katowice"]
[Date "2022.12.16"]
[Round "1"]
[White "Owoc, Jakub"]
[Black "Lagarde, Maxime"]
[Result "0-1"]
[WhiteElo "1837"]
[BlackElo "2584"]
[PlyCount "92"]
[EventDate "2022.12.16"]
[EventType "swiss (blitz)"]
[EventRounds "22"]
[EventCountry "POL"]
[SourceTitle "CBM 211 Extra"]
[Source "ChessBase"]
[SourceDate "2023.01.31"]
[SourceVersion "1"]
[SourceVersionDate "2023.01.31"]
[SourceQuality "1"]

1. e4 c5 2. c3 d5 3. exd5 Nf6 4. d4 Nxd5 5. Nf3 cxd4 6. cxd4 e6 7. Nc3 Be7 8. Be2 0-0 9. 0-0 Nc6 10. a3 b6 11. Nxd5 Qxd5 12. Be3 Bb7 13. Rc1 Rad8 14. Bc4 Qd6 15. Qe2 Bf6 16. Rfd1 Ne7 17. Ba6 Bd5 18. b4 h6 19. h3 Ng6 20. Bc4 Ba8 21. Rc2 Nf4 22. Bxf4 Qxf4 23. Rcd2 Bd5 24. Bxd5 Rxd5 25. Qe3 Qc7 26. Rd3 Rc8 27. Nd2 Bg5 28. Qe4 Bxd2 29. R1xd2 a5 30. bxa5 bxa5 31. g3 Rcd8 32. Kg2 Qc4 33. f4 a4 34. g4 Qb5 35. Qe3 Qd7 36. Kg3 Rb8 37. Rc3 Qd6 38. Kf3 g6 39. Rc4 Rb3 40. Rd3 Qxa3 41. Rcc3 Rdb5 42. d5 Rxc3 43. Rxc3 Qxc3 44. Qxc3 Rb3 45. Qxb3 axb3 46. d6 Kf8 0-1

[Event "POL-ch sf"]
[Site "Karpacz"]
[Date "2022.12.08"]
[Round "6"]
[White "Owoc, Jakub"]
[Black "Trybus, Daniel"]
[Result "0-1"]
[WhiteElo "1837"]
[BlackElo "2258"]
[PlyCount "80"]
[EventDate "2022.12.03"]
[EventType "swiss"]
[EventRounds "9"]
[EventCountry "POL"]
[SourceTitle "CBM 211 Extra"]
[Source "ChessBase"]
[SourceDate "2023.01.31"]
[SourceVersion "1"]
[SourceVersionDate "2023.01.31"]
[SourceQuality "1"]

1. e4 c5 2. c3 Nc6 3. d4 cxd4 4. cxd4 d5 5. exd5 Qxd5 6. Nf3 Bg4 7. Be2 Nf6 8. Nc3 Qa5 9. 0-0 e6 10. a3 Be7 11. Be3 Nd5 12. Nxd5 Qxd5 13. h3 Bh5 14. Rc1 0-0 15. Qc2 Rac8 16. Bc4 Qd6 17. Qe4 Bf6 18. Rfd1 Rfd8 19. d5 Ne5 20. Bf4 Nxf3+ 21. gxf3 e5 22. Bg3 Qd7 23. Kg2 Bg6 24. Qe2 Bf5 25. h4 Qe7 26. d6 Rxd6 27. Rxd6 Qxd6 28. Rd1 Qe7 29. Re1 h5 30. Bxe5 Bxh4 31. f4 Bxf2 32. Kxf2 Qc5+ 33. Kg2 Qxc4 34. Qxh5 Qc2+ 35. Re2 Be4+ 36. Kg3 Qd3+ 37. Kf2 Rc6 38. Re3 Rc2+ 39. Re2 Bg6 40. Qg4 f5 0-1

[Event "POL-ch sf"]
[Site "Karpacz"]
[Date "2022.12.06"]
[Round "4"]
[White "Owoc, Jakub"]
[Black "Szwed, Jacek"]
[Result "0-1"]
[WhiteElo "1837"]
[BlackElo "2381"]
[PlyCount "82"]
[EventDate "2022.12.03"]
[EventType "swiss"]
[EventRounds "9"]
[EventCountry "POL"]
[SourceTitle "CBM 211 Extra"]
[Source "ChessBase"]
[SourceDate "2023.01.31"]
[SourceVersion "1"]
[SourceVersionDate "2023.01.31"]
[SourceQuality "1"]

1. d4 Nf6 2. c4 e6 3. Nf3 d5 4. Nc3 c5 5. cxd5 Nxd5 6. g3 Nxc3 7. bxc3 cxd4 8. cxd4 Bb4+ 9. Bd2 Bxd2+ 10. Qxd2 b6 11. Bg2 Bb7 12. 0-0 0-0 13. Rfd1 Nd7 14. Rac1 Rc8 15. Rxc8 Qxc8 16. Rc1 Qb8 17. Qb4 Re8 18. h4 h6 19. a4 Rc8 20. Rxc8+ Qxc8 21. Qe7 Bc6 22. Qb4 Qa6 23. e4 Bxe4 24. Qe7 Qc8 25. Ne5 Nxe5 26. Bxe4 Qd7 27. Qb4 Ng4 28. a5 Nf6 29. Bd3 Nd5 30. Qb3 Qc7 31. Qb5 Kf8 32. Bc4 Nf6 33. Qb4+ Qe7 34. Qb5 Qd6 35. axb6 Qxb6 36. Qe5 a5 37. d5 exd5 38. Bxd5 Qxf2+ 39. Kxf2 Ng4+ 40. Kf3 Nxe5+ 41. Ke4 Nd7 0-1

[Event "POL-ch sf"]
[Site "Karpacz"]
[Date "2022.12.05"]
[Round "3"]
[White "Kacprzak, Kacper"]
[Black "Owoc, Jakub"]
[Result "1-0"]
[WhiteElo "2289"]
[BlackElo "1837"]
[PlyCount "119"]
[EventDate "2022.12.03"]
[EventType "swiss"]
[EventRounds "9"]
[EventCountry "POL"]
[SourceTitle "CBM 211 Extra"]
[Source "ChessBase"]
[SourceDate "2023.01.31"]
[SourceVersion "1"]
[SourceVersionDate "2023.01.31"]
[SourceQuality "1"]

1. e4 c6 2. d4 d5 3. e5 Bf5 4. Nf3 e6 5. Be2 Ne7 6. 0-0 Ng6 7. Be3 Nd7 8. Nbd2 f6 9. exf6 Nxf6 10. Ne5 h5 11. Ndf3 Ng4 12. Qd2 Bd6 13. Nxg6 Bxg6 14. Bf4 Bxf4 15. Qxf4 Qf6 16. Qc7 Qe7 17. Qxe7+ Kxe7 18. c3 Bf5 19. Rfe1 Nh6 20. Rad1 Nf7 21. Bd3 g6 22. Rd2 Kd7 23. h3 Rae8 24. Re3 Re7 25. Rde2 Kd6 26. Bxf5 gxf5 27. Nh4 Rhe8 28. Ng6 Rc7 29. Nf4 e5 30. dxe5+ Rxe5 31. Rxe5 Nxe5 32. Nxh5 c5 33. Nf6 Re7 34. f4 Ng6 35. Ne8+ Kd7 36. Nf6+ Kd6 37. Rxe7 Nxe7 38. Kf2 Ke6 39. Nh7 d4 40. c4 b5 41. Ng5+ Kf6 42. b3 Nc6 43. Nf3 bxc4 44. bxc4 Nb4 45. Ne5 Nxa2 46. Nd7+ Ke7 47. Nxc5 Nb4 48. Ke2 Kd6 49. Nb3 Nc2 50. g3 Ne3 51. Kd3 Nf1 52. g4 fxg4 53. hxg4 Ne3 54. g5 Ng2 55. Ke4 d3 56. c5+ Ke7 57. f5 Nh4 58. c6 a5 59. c7 Kd7 60. g6 1-0

[Event "POL-chT 2nd League"]
[Site "Jastrzebia Gora"]
[Date "2022.09.10"]
[Round "8.34"]
[White "Cichon, Bartlomiej"]
[Black "Owoc, Jakub"]
[Result "0-1"]
[WhiteElo "1984"]
[BlackElo "1738"]
[PlyCount "76"]
[EventDate "2022.09.03"]
[EventType "team-swiss"]
[EventRounds "9"]
[EventCountry "POL"]
[SourceTitle "CBM 210 Extra"]
[Source "ChessBase"]
[SourceDate "2022.11.30"]
[SourceVersion "1"]
[SourceVersionDate "2022.11.30"]
[SourceQuality "1"]
[WhiteTeam "Wieliczka MKS MOS"]
[BlackTeam "Krakow KKSz"]
[WhiteTeamCountry "POL"]
[BlackTeamCountry "POL"]

1. e4 c6 2. d4 d5 3. e5 Bf5 4. Nf3 h6 5. Be2 e6 6. 0-0 c5 7. Be3 Qc7 8. c3 Nc6 9. dxc5 Nge7 10. Bd4 g5 11. Bb5 Bg7 12. Re1 0-0 13. Qe2 Ng6 14. Bxc6 bxc6 15. b4 Rae8 16. a4 g4 17. Nfd2 Nf4 18. Qe3 Nd3 19. Re2 Nc1 20. Re1 Nd3 21. Rd1 Nxe5 22. Qg3 Qb8 23. Na3 a6 24. Nf1 h5 25. Ne3 Bg6 26. f4 gxf3 27. gxf3 Nxf3+ 28. Qxf3 e5 29. Nf5 exd4 30. Nxg7 Kxg7 31. Rxd4 Re5 32. h4 Rfe8 33. Rf1 Re3 34. Qf6+ Kg8 35. Rdf4 Qc8 36. b5 Rg3+ 37. Kf2 Qh3 38. Rg1 Qh2+ 0-1

[Event "POL-chT 2nd League"]
[Site "Jastrzebia Gora"]
[Date "2022.09.07"]
[Round "5.11"]
[White "Owoc, Jakub"]
[Black "Gosciniak, Maria"]
[Result "1/2-1/2"]
[WhiteElo "1738"]
[BlackElo "2094"]
[PlyCount "81"]
[EventDate "2022.09.03"]
[EventType "team-swiss"]
[EventRounds "9"]
[EventCountry "POL"]
[SourceTitle "CBM 210 Extra"]
[Source "ChessBase"]
[SourceDate "2022.11.30"]
[SourceVersion "1"]
[SourceVersionDate "2022.11.30"]
[SourceQuality "1"]
[WhiteTeam "Krakow KKSz"]
[BlackTeam "Grzybowo GKSz Solny"]
[WhiteTeamCountry "POL"]
[BlackTeamCountry "POL"]

1. e4 e5 2. Nf3 Nc6 3. Nc3 Nf6 4. a3 d5 5. Bb5 Nxe4 6. Qe2 Nxc3 7. Qxe5+ Qe7 8. dxc3 Bd7 9. Bxc6 Bxc6 10. Bf4 0-0-0 11. 0-0-0 Qxe5 12. Nxe5 Be8 13. Rhe1 f6 14. Nf3 Bh5 15. Rd3 Bg6 16. Rd2 c6 17. Nd4 Bf7 18. Rde2 Bc5 19. b4 Bxd4 20. Re7 Rd7 21. cxd4 Rhd8 22. h4 Rxe7 23. Rxe7 Rd7 24. Re3 Kd8 25. a4 a6 26. b5 axb5 27. axb5 cxb5 28. Rb3 Ke7 29. Rxb5 Be6 30. Kd2 Bf7 31. Kc3 Bg6 32. Kb3 h5 33. c3 Bd3 34. Rb6 Bf1 35. g3 Bc4+ 36. Kb4 Kf7 37. Kc5 Ke7 38. Rb1 b5 39. Re1+ Kf7 40. Kb6 Re7 41. Rxe7+ 1/2-1/2

[Event "POL-chT 2nd League"]
[Site "Jastrzebia Gora"]
[Date "2022.09.04"]
[Round "2.53"]
[White "Marciniak, Leonard"]
[Black "Owoc, Jakub"]
[Result "0-1"]
[WhiteElo "1811"]
[BlackElo "1738"]
[PlyCount "50"]
[EventDate "2022.09.03"]
[EventType "team-swiss"]
[EventRounds "9"]
[EventCountry "POL"]
[SourceTitle "CBM 210 Extra"]
[Source "ChessBase"]
[SourceDate "2022.11.30"]
[SourceVersion "1"]
[SourceVersionDate "2022.11.30"]
[SourceQuality "1"]
[WhiteTeam "Krakow Gens Una Sumus"]
[BlackTeam "Krakow KKSz"]
[WhiteTeamCountry "POL"]
[BlackTeamCountry "POL"]

1. d4 Nf6 2. c4 g6 3. Nc3 Bg7 4. g3 0-0 5. Bg2 d6 6. Nf3 c5 7. dxc5 dxc5 8. Qxd8 Rxd8 9. Be3 Nc6 10. Bxc5 Be6 11. Rc1 Bxc4 12. Nd2 Bd5 13. e4 Be6 14. f4 Rac8 15. Nb3 b6 16. Ba3 Ng4 17. Nd5 Bxd5 18. exd5 Nd4 19. Rxc8 Rxc8 20. Nxd4 Bxd4 21. Kd2 Bc5 22. Bf3 Nf6 23. b4 Bd6 24. Rb1 b5 25. Rb3 Rc4 0-1

[Event "Polanica Zdroj op-D 58th"]
[Site "Polanica Zdroj"]
[Date "2022.08.19"]
[Round "7"]
[White "Owoc, Jakub"]
[Black "Skrzypinski, Jan"]
[Result "0-1"]
[WhiteElo "1756"]
[BlackElo "1517"]
[PlyCount "84"]
[EventDate "2022.08.13"]
[EventType "swiss"]
[EventRounds "9"]
[EventCountry "POL"]
[SourceTitle "CBM 210 Extra"]
[Source "ChessBase"]
[SourceDate "2022.11.30"]
[SourceVersion "1"]
[SourceVersionDate "2022.11.30"]
[SourceQuality "1"]

1. e4 c5 2. c3 d5 3. exd5 Qxd5 4. d4 Nf6 5. Nf3 Bg4 6. Be2 e6 7. Be3 cxd4 8. cxd4 Bb4+ 9. Nc3 0-0 10. 0-0 Qa5 11. Qb3 Nc6 12. a3 Bxc3 13. bxc3 Qc7 14. Rac1 Rfc8 15. h3 Bh5 16. Bg5 Ne4 17. Bh4 Bxf3 18. Bxf3 Nd2 19. Qb5 Nxf1 20. Rxf1 a6 21. Qg5 Qa5 22. Qg4 Qf5 23. Qxf5 exf5 24. Bg3 Na5 25. Rc1 Ra7 26. d5 b5 27. d6 Rd7 28. Re1 Kf8 29. Bh4 f6 30. Bg3 Rxc3 31. Bd5 Rxg3 32. fxg3 Rxd6 33. Be6 g6 34. Re3 Nc6 35. h4 Ne5 36. Bb3 Ng4 37. Rc3 a5 38. Rc5 a4 39. Bc2 Rd2 40. h5 Ne3 41. Rc8+ Kg7 42. Rc7+ Kh6 0-1

[Event "Warsaw Najdorf Memorial op-A"]
[Site "Warsaw"]
[Date "2022.07.16"]
[Round "8"]
[White "Dalkowski, Rafal"]
[Black "Owoc, Jakub"]
[Result "1-0"]
[WhiteElo "2120"]
[BlackElo "1756"]
[PlyCount "93"]
[EventDate "2022.07.09"]
[EventType "swiss"]
[EventRounds "9"]
[EventCountry "POL"]
[SourceTitle "CBM 209 Extra"]
[Source "ChessBase"]
[SourceDate "2022.09.30"]
[SourceVersion "1"]
[SourceVersionDate "2022.09.30"]
[SourceQuality "1"]

1. d4 Nf6 2. c4 g6 3. Nc3 Bg7 4. e4 d6 5. Be2 0-0 6. Bg5 c5 7. d5 h6 8. Be3 a6 9. a4 Qa5 10. Bd2 e6 11. h3 Qc7 12. Nf3 exd5 13. exd5 Bf5 14. Nh4 Bd7 15. Qc2 Qd8 16. g3 Qc8 17. g4 Re8 18. Be3 Qd8 19. Ng2 Qa5 20. Bd2 h5 21. Ne3 hxg4 22. hxg4 Nxg4 23. Nxg4 Bxg4 24. Ne4 Qd8 25. Bxg4 f5 26. Bf3 fxe4 27. Bxe4 Qf6 28. Be3 Qxb2 29. Rb1 Qxc2 30. Bxc2 b5 31. Bxg6 Re7 32. Kd2 Nd7 33. axb5 axb5 34. cxb5 Ra2+ 35. Bc2 Nb6 36. Kd1 Re5 37. Kc1 Re7 38. Rg1 Kf7 39. Rg4 Ke8 40. Rg6 Kd7 41. Bb3 Ra5 42. Bxc5 dxc5 43. Rxb6 Ra7 44. Re6 Rf7 45. b6 Rb7 46. Ba4+ Kd8 47. Re8# 1-0

[Event "Warsaw Najdorf Memorial op-A"]
[Site "Warsaw"]
[Date "2022.07.15"]
[Round "7"]
[White "Owoc, Jakub"]
[Black "Starosciak, Szymon"]
[Result "1-0"]
[WhiteElo "1756"]
[BlackElo "1901"]
[PlyCount "103"]
[EventDate "2022.07.09"]
[EventType "swiss"]
[EventRounds "9"]
[EventCountry "POL"]
[SourceTitle "CBM 209 Extra"]
[Source "ChessBase"]
[SourceDate "2022.09.30"]
[SourceVersion "1"]
[SourceVersionDate "2022.09.30"]
[SourceQuality "1"]

1. e4 c5 2. c3 Nf6 3. e5 Nd5 4. Nf3 Nc6 5. Bc4 e6 6. d4 cxd4 7. cxd4 d6 8. 0-0 Be7 9. Qe2 0-0 10. Qe4 Bd7 11. Bb3 Rc8 12. Nc3 Nxc3 13. bxc3 Na5 14. Qg4 g6 15. Bh6 Rxc3 16. Bxf8 Bxf8 17. Qf4 d5 18. Rfc1 Rxc1+ 19. Rxc1 Ba3 20. Ng5 Be8 21. Rc3 Be7 22. Nxh7 Kxh7 23. Rh3+ Kg8 24. Qh6 Bf6 25. Qh7+ Kf8 26. exf6 Qxf6 27. Qh8+ Qxh8 28. Rxh8+ Ke7 29. g4 Bb5 30. Rc8 Kf6 31. h4 Nc6 32. Rc7 Nxd4 33. Rxb7 a6 34. Kg2 Ne2 35. a4 Bd3 36. Kf3 d4 37. g5+ Ke5 38. Rxf7 Nc3 39. Rf6 Be4+ 40. Kg3 Bf5 41. f4+ Kd6 42. Rf8 Ke7 43. Rc8 e5 44. Rc7+ Kd6 45. h5 gxh5 46. Rf7 Ne4+ 47. Kg2 Bg6 48. Rb7 Bf5 49. g6 Nc5 50. g7 Bh7 51. Rb6+ Ke7 52. g8Q 1-0

[Event "Krakow op-B"]
[Site "Krakow"]
[Date "2022.06.29"]
[Round "6"]
[White "Owoc, Jakub"]
[Black "Hnatyshyn, Anastasiya"]
[Result "0-1"]
[WhiteElo "1804"]
[BlackElo "1890"]
[PlyCount "46"]
[EventDate "2022.06.25"]
[EventType "swiss"]
[EventRounds "9"]
[EventCountry "POL"]
[SourceTitle "EXT 2023"]
[Source "ChessBase"]
[SourceDate "2022.10.05"]
[SourceVersion "1"]
[SourceVersionDate "2022.10.05"]
[SourceQuality "1"]

1. e4 c5 2. Nc3 Nc6 3. Bb5 g6 4. Bxc6 dxc6 5. d3 Bg7 6. Be3 b6 7. Qd2 Be6 8. f4 Nf6 9. h3 h5 10. Nf3 Qd7 11. 0-0 h4 12. Bf2 0-0-0 13. Bxh4 Rh5 14. Ne5 Qc7 15. Bg3 Rh7 16. Rf3 Nh5 17. Bh2 g5 18. Ne2 Nxf4 19. Ng4 Bxg4 20. Bxf4 gxf4 21. hxg4 Rdh8 22. Kf1 Rh1+ 23. Ng1 Bd4 0-1

[Event "Krakow op-B"]
[Site "Krakow"]
[Date "2022.06.26"]
[Round "3"]
[White "Lilja, Richard"]
[Black "Owoc, Jakub"]
[Result "0-1"]
[WhiteElo "2131"]
[BlackElo "1804"]
[PlyCount "134"]
[EventDate "2022.06.25"]
[EventType "swiss"]
[EventRounds "9"]
[EventCountry "POL"]
[SourceTitle "EXT 2023"]
[Source "ChessBase"]
[SourceDate "2022.10.05"]
[SourceVersion "1"]
[SourceVersionDate "2022.10.05"]
[SourceQuality "1"]

1. e4 c6 2. d4 d5 3. Nc3 dxe4 4. Nxe4 Bf5 5. Ng3 Bg6 6. h4 h6 7. Nf3 Nd7 8. h5 Bh7 9. Bd3 Bxd3 10. Qxd3 e6 11. Bd2 Ngf6 12. 0-0-0 Qc7 13. Ne4 Nxe4 14. Qxe4 Nf6 15. Qe2 Bd6 16. Kb1 0-0-0 17. c4 c5 18. Bc3 cxd4 19. Nxd4 a6 20. Nb3 Be7 21. Rc1 Rd7 22. c5 Qc6 23. f3 Qd5 24. c6 Qd3+ 25. Qxd3 Rxd3 26. cxb7+ Kxb7 27. Na5+ Kb6 28. Nc4+ Kb7 29. Ne5 Rd5 30. Nxf7 Rc8 31. Rcd1 Rxh5 32. Rxh5 Nxh5 33. g4 Nf6 34. Nd6+ Bxd6 35. Rxd6 Rc6 36. Rd8 Rc8 37. Rxc8 Kxc8 38. Kc2 Kd7 39. Kd3 Kd6 40. Bb4+ Ke5 41. Bf8 Ne8 42. Ke3 Kd5 43. b3 Ke5 44. Bb4 g6 45. Bc3+ Kd5 46. Kf4 Nd6 47. Bf6 e5+ 48. Ke3 h5 49. gxh5 gxh5 50. Ke2 Nb5 51. Kd3 Nd4 52. Ke3 Nf5+ 53. Kf2 Ke6 54. Bg5 Kd5 55. Bd2 Kd4 56. Bb4 Kd3 57. Bc5 h4 58. Kg2 Nd4 59. Bd6 h3+ 60. Kxh3 Nxf3 61. b4 e4 62. Kg3 Nd4 63. Bc5 e3 64. Bxd4 Kxd4 65. a4 Kd3 66. b5 axb5 67. axb5 e2 0-1

[Event "Krakow op-B"]
[Site "Krakow"]
[Date "2022.06.25"]
[Round "1"]
[White "Kulesza, Andrzej"]
[Black "Owoc, Jakub"]
[Result "0-1"]
[WhiteElo "2024"]
[BlackElo "1804"]
[PlyCount "140"]
[EventDate "2022.06.25"]
[EventType "swiss"]
[EventRounds "9"]
[EventCountry "POL"]
[SourceTitle "EXT 2023"]
[Source "ChessBase"]
[SourceDate "2022.10.05"]
[SourceVersion "1"]
[SourceVersionDate "2022.10.05"]
[SourceQuality "1"]

1. e4 c6 2. d4 d5 3. e5 c5 4. dxc5 Nc6 5. Nf3 Bg4 6. c3 e6 7. Bb5 Bxf3 8. Qxf3 Bxc5 9. 0-0 Nge7 10. Bg5 Qc7 11. b4 Bb6 12. Bxe7 Qxe7 13. Qe2 0-0 14. Nd2 a5 15. a3 Qc7 16. Nf3 Rfd8 17. Rac1 Qe7 18. Qb2 Rac8 19. Bd3 d4 20. b5 dxc3 21. Qxc3 Na7 22. Qb3 a4 23. Qb1 Qxa3 24. Rxc8 Rxc8 25. Bxh7+ Kf8 26. Be4 Qb3 27. g3 Nxb5 28. Bxb7 Rc2 29. Qe1 Nc3 30. Ba6 Qd5 31. Kg2 a3 32. h4 a2 33. Qa1 Bd4 34. Bd3 Rd2 35. Bc4 Qc6 36. Qc1 Nb1 37. Bxa2 Rxf2+ 38. Rxf2 Qxc1 39. Nxd4 Ke7 40. Bxb1 Qxb1 41. Nf3 Qe4 42. Kh2 Qe3 43. Kg2 f6 44. Rf1 Qe2+ 45. Rf2 Qe4 46. Rf1 fxe5 47. Re1 Qc2+ 48. Kh3 Qc3 49. Rf1 e4 50. Ng1 Qd2 51. Kg4 e5 52. Ra1 e3 53. Nf3 Qd7+ 54. Kg5 e4 55. Ne5 Qd5 56. Kf5 e2 57. Ra7+ Ke8 58. Ra1 Ke7 59. h5 Qd1 60. Ra7+ Kd6 61. Nc4+ Kc5 62. Ne3 Kb6 63. Rxg7 Qg1 64. Nc2 Qc5+ 65. Kg6 Qxc2 66. h6 e3+ 67. Kf7 e1Q 68. Rg6+ Qxg6+ 69. Kxg6 Qxg3+ 70. Kh7 e2 0-1

[Event "Krakow Winter op-A"]
[Site "Krakow"]
[Date "2022.01.19"]
[Round "8"]
[White "Owoc, Jakub"]
[Black "Tokarz, Izabela"]
[Result "0-1"]
[WhiteElo "1701"]
[BlackElo "1804"]
[PlyCount "116"]
[EventDate "2022.01.15"]
[EventType "swiss"]
[EventRounds "9"]
[EventCountry "POL"]
[SourceTitle "CBM 206 Extra"]
[Source "ChessBase"]
[SourceDate "2022.03.31"]
[SourceVersion "1"]
[SourceVersionDate "2022.03.31"]
[SourceQuality "1"]

1. e4 c5 2. Nf3 d6 3. d4 cxd4 4. Nxd4 Nf6 5. Nc3 g6 6. Be3 Bg7 7. f3 0-0 8. Qd2 Nc6 9. 0-0-0 d5 10. Nxc6 bxc6 11. Bh6 Be6 12. Bxg7 Kxg7 13. h4 h5 14. Be2 dxe4 15. Qxd8 Rfxd8 16. Nxe4 Nxe4 17. fxe4 Rdb8 18. b3 a5 19. Rd3 Rb4 20. Bf3 c5 21. Rc3 Rc8 22. Rd1 c4 23. Kb2 cxb3 24. cxb3 Rcb8 25. Rdd3 a4 26. Re3 Kf6 27. g3 Kg7 28. Bd1 Rd8 29. Bc2 axb3 30. axb3 f6 31. Ka3 Rdd4 32. Re2 Rb5 33. Kb2 Kf7 34. Kc1 Re5 35. Rd2 Rb4 36. Kb2 g5 37. hxg5 Rxg5 38. Rf3 Bc8 39. Kc3 Rb6 40. Rd4 Bb7 41. Bd3 Re5 42. b4 Kg7 43. b5 Bc8 44. Kb4 Rb8 45. Be2 Bg4 46. Rf2 Bxe2 47. Rxe2 Rexb5+ 48. Kc4 Rb4+ 49. Kd3 Rb3+ 50. Kd2 Rxg3 51. Ke1 Rb5 52. Kf2 Rbg5 53. Re1 h4 54. Rh1 h3 55. e5 Rg2+ 56. Kf1 Rf5+ 57. Ke1 Rxe5+ 58. Kd1 Ra5 0-1

[Event "Krakow Winter op-A"]
[Site "Krakow"]
[Date "2022.01.17"]
[Round "5"]
[White "Owoc, Jakub"]
[Black "Sadzikowski, Marian"]
[Result "0-1"]
[WhiteElo "1701"]
[BlackElo "1763"]
[PlyCount "52"]
[EventDate "2022.01.15"]
[EventType "swiss"]
[EventRounds "9"]
[EventCountry "POL"]
[SourceTitle "CBM 206 Extra"]
[Source "ChessBase"]
[SourceDate "2022.03.31"]
[SourceVersion "1"]
[SourceVersionDate "2022.03.31"]
[SourceQuality "1"]

1. e4 Nf6 2. e5 Nd5 3. d4 Nc6 4. c4 Nb6 5. Nf3 d6 6. exd6 exd6 7. Bd3 Bg4 8. Be3 Be7 9. Nbd2 Bf6 10. h3 Bh5 11. g4 Bg6 12. Bxg6 hxg6 13. g5 Be7 14. d5 Ne5 15. Nxe5 dxe5 16. Qg4 Qd7 17. Qg3 Qf5 18. Rc1 0-0-0 19. Nf3 Qd3 20. Nxe5 Bb4+ 21. Rc3 Bxc3+ 22. bxc3 Qb1+ 23. Ke2 Qxh1 24. Nxf7 Rxh3 25. Qg4+ Rd7 26. Qe6 Qf3+ 0-1

[Event "Krakow Winter op-A"]
[Site "Krakow"]
[Date "2022.01.15"]
[Round "1"]
[White "Golenia, Wojciech"]
[Black "Owoc, Jakub"]
[Result "1-0"]
[WhiteElo "2059"]
[BlackElo "1701"]
[PlyCount "133"]
[EventDate "2022.01.15"]
[EventType "swiss"]
[EventRounds "9"]
[EventCountry "POL"]
[SourceTitle "CBM 206 Extra"]
[Source "ChessBase"]
[SourceDate "2022.03.31"]
[SourceVersion "1"]
[SourceVersionDate "2022.03.31"]
[SourceQuality "1"]

1. c4 Nf6 2. Nc3 g6 3. e4 d6 4. d4 Bg7 5. h3 0-0 6. Be3 e5 7. d5 Na6 8. Nf3 Nc5 9. Nd2 a5 10. g4 Ne8 11. Be2 f5 12. gxf5 gxf5 13. Rg1 f4 14. Bxc5 dxc5 15. Bg4 Nd6 16. Bxc8 Rxc8 17. Qg4 Qe7 18. Nf3 Kh8 19. Nh4 Bf6 20. Nf5 Qd7 21. Nxd6 Qxg4 22. hxg4 cxd6 23. f3 Rg8 24. Nb5 Be7 25. Ke2 Rg6 26. Rh1 Kg7 27. b3 h6 28. Kd3 Kf7 29. Kc2 Ke8 30. Kd3 Kd7 31. Rh5 Bg5 32. Rah1 Rcg8 33. Kc3 R6g7 34. Kb2 Rg6 35. Ka3 Kc8 36. Ka4 b6 37. Nc3 Kc7 38. Ka3 Kb7 39. Kb2 Ka6 40. a3 Rb8 41. Nb5 Rbg8 42. b4 R8g7 43. Rb1 Rb7 44. Kc3 Rf6 45. Rh2 Rg6 46. Kd3 Bd8 47. Nc3 Ka7 48. Rhb2 Rd7 49. Kc2 h5 50. gxh5 Rg3 51. Rh1 Rxf3 52. h6 Rh7 53. Nb5+ Ka8 54. Nxd6 Bg5 55. Nf5 Rxa3 56. bxc5 bxc5 57. Rhb1 f3 58. Nd6 Rh8 59. Rb6 Ra2+ 60. Kd1 Rd2+ 61. Ke1 f2+ 62. Kf1 Ka7 63. Rb7+ Ka8 64. R1b6 Rd1+ 65. Kxf2 Rf8+ 66. Ke2 Rd2+ 67. Ke1 1-0

[Event "Krakow Winter op-A"]
[Site "Krakow"]
[Date "2022.01.15"]
[Round "2"]
[White "Owoc, Jakub"]
[Black "Pniaczek, Marek"]
[Result "0-1"]
[WhiteElo "1701"]
[BlackElo "2329"]
[PlyCount "66"]
[EventDate "2022.01.15"]
[EventType "swiss"]
[EventRounds "9"]
[EventCountry "POL"]
[SourceTitle "CBM 206 Extra"]
[Source "ChessBase"]
[SourceDate "2022.03.31"]
[SourceVersion "1"]
[SourceVersionDate "2022.03.31"]
[SourceQuality "1"]

1. e4 Nc6 2. Nf3 e5 3. Nc3 Nf6 4. a4 a6 5. d4 exd4 6. Nxd4 Bb4 7. Nxc6 bxc6 8. Bd3 d5 9. exd5 0-0 10. dxc6 Re8+ 11. Be3 Ng4 12. 0-0 Qd6 13. g3 Nxe3 14. fxe3 Bxc3 15. bxc3 Rxe3 16. Qh5 g6 17. Qg5 Re5 18. Qf4 Be6 19. Rae1 Rxe1 20. Rxe1 Qxc6 21. Qd4 Rb8 22. a5 Bh3 23. Be4 Qe6 24. Kf2 Re8 25. Re3 Qc8 26. Qc5 Qd8 27. Qd4 Qg5 28. Qd5 Bf5 29. h4 Qe7 30. Kf3 Bh3 31. Qc6 Kh8 32. Re2 f5 33. Bd3 Bg4+ 0-1

[Event "EU-ch Rapid"]
[Site "Katowice"]
[Date "2021.12.18"]
[Round "3"]
[White "Mikhaletz, Lubomir"]
[Black "Owoc, Jakub"]
[Result "1-0"]
[WhiteElo "2329"]
[BlackElo "1701"]
[PlyCount "75"]
[EventDate "2021.12.18"]
[EventType "swiss (rapid)"]
[EventRounds "11"]
[EventCountry "POL"]
[SourceTitle "CBM 205 Extra"]
[Source "ChessBase"]
[SourceDate "2022.01.31"]
[SourceVersion "1"]
[SourceVersionDate "2022.01.31"]
[SourceQuality "1"]

1. e4 c6 2. d4 d5 3. e5 c5 4. c4 cxd4 5. Qxd4 e6 6. cxd5 Nc6 7. Bb5 Qxd5 8. Qxd5 exd5 9. Nc3 Be6 10. Nf3 Bb4 11. Bd2 a6 12. Ba4 Nge7 13. 0-0 0-0 14. h3 h6 15. Rfe1 Rfd8 16. Bxc6 bxc6 17. Na4 Bxd2 18. Nxd2 d4 19. Nc5 Rd5 20. Rac1 Ng6 21. Nxe6 fxe6 22. Rxc6 Nxe5 23. Rxe6 Nd3 24. Re8+ Rxe8 25. Rxe8+ Kf7 26. Rb8 Re5 27. Rb7+ Kg8 28. Rb8+ Kf7 29. Nf3 Re2 30. Rb3 Nxb2 31. Nxd4 Rd2 32. Rb7+ Kg8 33. Nf5 Nd3 34. Rxg7+ Kf8 35. Rg6 Rxa2 36. Rxh6 Nxf2 37. Rf6+ Ke8 38. Ng7+ 1-0

[Event "POL-ch U17 Qual"]
[Site "Jastrzebia Gora"]
[Date "2021.11.21"]
[Round "9"]
[White "Falc, Pawel"]
[Black "Owoc, Jakub"]
[Result "0-1"]
[WhiteElo "1493"]
[BlackElo "1751"]
[PlyCount "64"]
[EventDate "2021.11.15"]
[EventType "swiss"]
[EventRounds "9"]
[EventCountry "POL"]
[SourceTitle "EXT 2023"]
[Source "ChessBase"]
[SourceDate "2022.10.05"]
[SourceVersion "1"]
[SourceVersionDate "2022.10.05"]
[SourceQuality "1"]

1. e4 c5 2. Nc3 a6 3. g3 b5 4. Bg2 Bb7 5. f4 e6 6. d3 Nf6 7. Nf3 d5 8. e5 Nfd7 9. d4 cxd4 10. Nxd4 Nc6 11. Nxc6 Bxc6 12. Be3 Bc5 13. Bxc5 Nxc5 14. Qg4 g6 15. 0-0 h5 16. Qf3 Rc8 17. Qf2 Bb7 18. h3 Qb6 19. g4 hxg4 20. hxg4 Nd7 21. f5 gxf5 22. gxf5 Qxf2+ 23. Rxf2 b4 24. fxe6 fxe6 25. Nd1 Rh5 26. c3 bxc3 27. Nxc3 Rxe5 28. Raf1 Rc4 29. Ne2 Rg4 30. Rc1 d4 31. Kf1 Bxg2+ 32. Rxg2 Rxg2 0-1